| Tag |
First Indicator |
Second Indicator |
Subfields |
| LEADER |
00000cam a2200000 i 4500 |
| 001 |
in00001490313 |
| 005 |
20240319141459.0 |
| 008 |
770113m19331937hu abcf b 001 0 hun d |
| 019 |
|
|
|a 7196252
|a 926995273
|a 977729895
|a 1170782616
|a 1270755781
|a 1271312544
|a 1284447551
|
| 035 |
|
|
|a (OCoLC)ocm02676407
|
| 035 |
|
|
|a (OCoLC)2676407
|z (OCoLC)7196252
|z (OCoLC)926995273
|z (OCoLC)977729895
|z (OCoLC)1170782616
|z (OCoLC)1270755781
|z (OCoLC)1271312544
|z (OCoLC)1284447551
|
| 035 |
|
|
|a (OCoLC)ocm02676407
|
| 040 |
|
|
|a YBM
|b eng
|c YBM
|d OCLCQ
|d EYM
|d CLE
|d TXA
|d OCLCF
|d OCLCQ
|d OCLCO
|d CNUTO
|d LUN
|d ZD0
|d OCLCO
|d OCLCQ
|d YBM
|d OCLCO
|d OCLCL
|
| 043 |
|
|
|a e-hu---
|
| 050 |
|
4 |
|a GN585.68.H8
|b C9
|
| 082 |
0 |
4 |
|a 443.9
|b 6047
|
| 245 |
0 |
2 |
|a A magyarság néprajza /
|c sajtó alá rendezte Czakó Elemér.
|
| 260 |
|
|
|a Budapest :
|b Király magyar egyetemi nyomda,
|c 1933-1937.
|
| 300 |
|
|
|a 4 volumes :
|b illustrations, folded maps (some color), music, plans ;
|c 25 cm
|
| 336 |
|
|
|a text
|b txt
|2 rdacontent
|
| 337 |
|
|
|a unmediated
|b n
|2 rdamedia
|
| 338 |
|
|
|a volume
|b nc
|2 rdacarrier
|
| 500 |
|
|
|a Each vol. has also special t.p.
|
| 500 |
|
|
|a Includes index.
|
| 504 |
|
|
|a Bibliographies at end of many chapters. Includes index.
|
| 505 |
0 |
|
|a 1-2. köt. A magyarság tárgei néprajza -- 3-4. köt. A magyarság szellemi néprajza.
|
| 530 |
|
|
|a Also issued online.
|
| 583 |
|
|
|a commitment to retain
|c 20151208
|2 pda
|5 OTUTLD
|
| 650 |
|
0 |
|a Ethnology
|z Hungary.
|
| 651 |
|
0 |
|a Hungary
|x Social life and customs.
|
| 650 |
|
6 |
|a Ethnologie
|z Hongrie.
|
| 650 |
|
7 |
|a Ethnology
|2 fast
|
| 650 |
|
7 |
|a Manners and customs
|2 fast
|
| 651 |
|
7 |
|a Hungary
|2 fast
|1 https://id.oclc.org/worldcat/entity/E39PBJqBtb4QKCYGrVyyWtMQMP
|
| 650 |
|
7 |
|a Volkskunde.
|2 idszbz
|
| 651 |
|
7 |
|a Ungarn.
|2 idszbz
|
| 700 |
1 |
|
|a Czakó, Elemér,
|e compiler.
|
| 758 |
|
|
|i has work:
|a A Magyarság néprajza (Text)
|1 https://id.oclc.org/worldcat/entity/E39PCH9g4QprXPmx9vHbf6V7gX
|4 https://id.oclc.org/worldcat/ontology/hasWork
|
| 776 |
0 |
8 |
|i Online version:
|a Czakó, Elemér, 1876-
|t Magyarság néprajza.
|d Budapest : Király magyar egyetemi nyomda, 1933-1937
|w (OCoLC)557618020
|
| 948 |
|
|
|h HELD BY TXA - 20 OTHER HOLDINGS
|
| 994 |
|
|
|a Z0
|b TXA
|
| 999 |
f |
f |
|s b6dc296e-b17f-3e7b-ac70-7af3d027e4aa
|i 2f0135a4-8bb4-372c-a862-a88b507b2153
|t 0
|
| 952 |
f |
f |
|p ric
|a Texas A&M University
|b Rellis Campus
|c Joint Library Facility
|s JLF
|d Remote Storage
|t 0
|e GR154.5 .M35 1933
|h Library of Congress classification
|i unmediated -- volume
|k kot.2
|m A14824207095
|
| 952 |
f |
f |
|p ric
|a Texas A&M University
|b Rellis Campus
|c Joint Library Facility
|s JLF
|d Remote Storage
|t 0
|e GR154.5 .M35 1933
|h Library of Congress classification
|i unmediated -- volume
|k kot.1
|m A14824206421
|